Income tax law and accounts (Record no. 98186)

MARC details
000 -LEADER
fixed length control field 00507nam a2200217Ia 4500
003 - CONTROL NUMBER IDENTIFIER
control field OSt
005 - DATE AND TIME OF LATEST TRANSACTION
control field 20230227112645.0
008 - FIXED-LENGTH DATA ELEMENTS--GENERAL INFORMATION
fixed length control field 210210b1995 xxu||||| |||| 00| 0 eng d
040 ## - CATALOGING SOURCE
Transcribing agency AL
041 ## - LANGUAGE CODE
Language code of text/sound track or separate title eng
082 ## - DEWEY DECIMAL CLASSIFICATION NUMBER
Classification number 657.46 MEHI
100 ## - MAIN ENTRY--PERSONAL NAME
Personal name MEHROTRA (H C)
9 (RLIN) 73395
245 ## - TITLE STATEMENT
Title Income tax law and accounts
250 ## - EDITION STATEMENT
Edition statement 32
260 ## - PUBLICATION, DISTRIBUTION, ETC.
Place of publication, distribution, etc. Agra
Name of publisher, distributor, etc. Sahitya Bhavan
Date of publication, distribution, etc. 1995
300 ## - PHYSICAL DESCRIPTION
Extent 3,648,5,3
690 ## - LOCAL SUBJECT ADDED ENTRY--TOPICAL TERM (OCLC, RLIN)
Topical term or geographic name as entry element Income Tax
9 (RLIN) 73396
700 ## - ADDED ENTRY--PERSONAL NAME
Personal name MEHROTRA (P)
9 (RLIN) 73397
906 ## - LOCAL DATA ELEMENT F, LDF (RLIN)
a 049792
942 ## - ADDED ENTRY ELEMENTS (KOHA)
Source of classification or shelving scheme Dewey Decimal Classification
Koha item type Book
Holdings
Withdrawn status Lost status Source of classification or shelving scheme Damaged status Not for loan Collection code Home library Current library Date acquired Cost, normal purchase price Total Checkouts Full call number Barcode Date last seen Price effective from Koha item type
Discarded   Dewey Decimal Classification     Commerce St Aloysius Library St Aloysius Library 02/17/2021 140.00   657.46 MEHI 049792 02/17/2021 02/17/2021 Book
Discarded   Dewey Decimal Classification     Commerce St Aloysius Library St Aloysius Library 02/17/2021 140.00   657.46 MEHI 049789 02/17/2021 02/17/2021 Book
Discarded   Dewey Decimal Classification     Commerce St Aloysius Library St Aloysius Library 02/17/2021 140.00   657.46 MEHI 049788 02/17/2021 02/17/2021 Book
Discarded   Dewey Decimal Classification     Commerce St Aloysius Library St Aloysius Library 02/17/2021 140.00   657.46 MEHI 049790 02/17/2021 02/17/2021 Book
Discarded   Dewey Decimal Classification     Commerce St Aloysius Library St Aloysius Library 02/17/2021 140.00   657.46 MEHI 049793 02/17/2021 02/17/2021 Book
Discarded   Dewey Decimal Classification     Commerce St Aloysius Library St Aloysius Library 02/17/2021 140.00   657.46 MEHI 049791 02/17/2021 02/17/2021 Book